Normal view
MARC view
- Science projects
Entry Topical Term
001 - CONTROL NUMBER
- control field: 102301
003 - CONTROL NUMBER IDENTIFIER
- control field: NUST
005 - DATE AND TIME OF LATEST TRANSACTION
- control field: 20221103114525.0
008 - FIXED-LENGTH DATA ELEMENTS
- fixed length control field: 221103|| aca||aabn | a|a d
040 ## - CATALOGING SOURCE
- Original cataloging agency: NUST
- Transcribing agency: NUST
150 ## - HEADING--TOPICAL TERM
- Topical term or geographic name entry element: Science projects
670 ## - SOURCE DATA FOUND
- Source citation: Work cat.: (NUST)0: McCue, Camille, author. 102298, Getting started with engineering /
